1003 1379 1526 1081 1932 1716 1677 1944 1560 1089 1420 1400 1768 1454 1862 1942 1603 1915 1081 1235 1328 1844 1137 1637 1869 1714 1059 1618 1639 1702 1407 1366 1965 1138 1276 1059 1325 1610 1690 1158 1974 1849 1986 1860 1539 1125 1205 1956 1773 1216 1468 1655 1178 1255 1511 1428 1286 1517 1743 1897 1939 1226 1514 1313 1276 1335 1805 1538 1254 1853 1207 1250 1557 1766 1143 1581 1684 1225 1990 1483 1068 1010 1809 1858 1341 1829 1992 1041 1846 1848 1469 1071 1235 1350 1836 1491 1652 1779 1049 BCNSPRNW ULIB Ver.6.0+V

เปลี่ยนเป็นภาษาไทย

Change to English
 แสดงรายละเอียดบรรณานุกรม
  กลับหน้าหลัก

Brief Record : Get Marc (ISO 2709) : E-mail record : QR code < ปิดหน้าต่าง
LEADER : 00000nam 2200000uu 4500
001    13399112158
003     ULIB
008    110627s1168||||th 000 0 tha d
020    9786165200318
090    นว.^bต389ก มปป.
100 0  ติญญา
245 00 กำแพงแห่งใจ/^cติญญา
250    พิมพ์ครั้งที่ 1
260    กรุงเทพฯ :^b1168 พับลิชชิ่ง,^cมปป.
300    287 หน้า
710 1  1168 พับลิชชิ่ง
945    ^p189^l0^i028089
995    ทศพร
999 ^a ใช้งานได้ทุกระบบ
รายการนี้ยังไม่มีแท็ก
คุณยังไม่ได้ล็อกอิน คุณสามารถมีกิจกรรมร่วมกับเว็บไซต์ได้ แต่ต้องล็อกอินก่อน ::
  ล็อกอิน

รายการสื่อสารสนเทศ

ลำดับที่ ประเภท เลขเรียก/บาร์โค้ด สถานที่ สถานะ
- ไม่พบข้อมูล -

BibComment


ยังไม่เคยถูกคอมเมนท์

คอมเมนท์ทรัพยากรรายการนี้
  คอมเมนท์: กำแพงแห่งใจ ติญญา


 Copyright 2026. Bcnsprnw @Library